| 000 | 01457ngm a22003970a 4500 | ||
|---|---|---|---|
| 001 | PT13923 | ||
| 003 | AR-LpoUNG | ||
| 005 | 20210202000412.0 | ||
| 007 | vd cvaizq | ||
| 008 | 191001s1985||||ag |||||||||||||||||spa d | ||
| 037 | _c$6.63 | ||
| 037 | _c$7.96 | ||
| 037 | _c$9,96 | ||
| 040 |
_aAR-LpoUNG _bspa _cAR-LpoUNG _eaacr |
||
| 041 | _aspa | ||
| 044 | _aag | ||
| 082 | 0 | _a982.064 976his | |
| 100 | 1 |
_aPuenzo, Luis _edir. |
|
| 245 | 1 | 3 | _aLa historia oficial |
| 260 |
_aBuenos Aires : _bAVH, _c1985. |
||
| 300 | _aVHS (112 min.) : son., col. | ||
| 505 | 0 | _aHecha en 1985. - Elenco: Norma Aleandro, Hector Alterio | |
| 520 | _aAlicia, la protagonista, transita en su trabajo y en su vida privada, la traumática y reveladora experiencia de descubrir, lenta y dolorosamente, lo oculto destrás de la versión oficial y aceptada en la que se había refugiado. Y ella como la enorme mayoría de sus compatriotas parece despertar para asumir que esa pesadilla es su realidad y para intentar convivir...con esa verdad, con su dolor, su culpa, su miedo y su necesidad de actuar para modificarla, para repararla. | ||
| 650 | 4 | _aASPECTOS POLITICOS | |
| 650 | 4 | _aCOMPORTAMIENTO POLITICO | |
| 650 | 4 | _aDEMOCRACIA | |
| 650 | 4 | _aEXTREMISMO | |
| 650 | 4 | _aFUERZAS ARMADAS | |
| 650 | 4 | _aIDEOLOGIAS | |
| 650 | 4 | _aIDEOLOGIAS POLITICAS | |
| 653 | _aCINE ARGENTINO | ||
| 653 | _aVHS | ||
| 653 | _aVIDEOS | ||
| 905 | _a13923 | ||
| 942 | _cVIDEO | ||
| 999 |
_c54799 _d54799 |
||